书目信息 |
| 题名: |
中国煤矿防治水技术经验汇编
|
|
| 作者: | <<中国煤矿防治水技术经验汇编>>编委会 编著 | |
| 分册: | ||
| 出版信息: | 北京 煤炭工业出版社 1998.05 |
|
| 页数: | 538页 | |
| 开本: | 16开 | |
| 丛书名: | ||
| 单 册: | ||
| 中图分类: | TD824.6 | |
| 科图分类: | ||
| 主题词: | 煤矿开采 | |
| 电子资源: | ||
| ISBN: | 7-5020-1532-9 | |
| 000 | 00716nam0 2200193 45 | |
| 001 | 0011190911 | |
| 005 | 20001119091041.4 | |
| 010 | @a7-5020-1532-9@d60.00元 | |
| 100 | @a20001119d1998 km y0chiy0120 ea | |
| 101 | 0 | @achi |
| 105 | @a z 000yy | |
| 200 | 1 |
@a中国煤矿防治水技术经验汇编@AZhong Guo Mei Kuang Fang Zhi Shui Ji Shu Jing Yan Hui Bian@f<<中国煤矿防治水技术经验汇编>>编委会编著@F< |
| 210 | @a北京@c煤炭工业出版社@d1998.05 | |
| 215 | @a538页@d16开 | |
| 606 | 0 | @a煤矿开采 |
| 690 | @aTD824.6@v3 | |
| 701 | 0 | @a<<中国煤矿防治水技术经验汇编>>编委会@4编著 |
| 801 | @aCN@bPftUser@c20001119 | |
| 905 | @b413275@dTD824.6@eZH:501@f1 | |
| 中国煤矿防治水技术经验汇编/<<中国煤矿防治水技术经验汇编>>编委会编著.-北京:煤炭工业出版社,1998.05 |
| 538页;16开 |
| ISBN 7-5020-1532-9:60.00元 |
| ● |
| 相关链接 |
|
|
|
正题名:中国煤矿防治水技术经验汇编
索取号:TD824.6/ZH:501
 
预约/预借
| 序号 | 登录号 | 条形码 | 馆藏地/架位号 | 状态 | 备注 |
| 1 | 413275 | 204132759 | 自科库501/501自科库 21排4列5层/ [索取号:TD824.6/ZH:501] | 在馆 |